00277nam a22000977a 4500020001800000082001700018100001600035245006200051260004800113300001800161 a9780143464983 a327.54 BHA/N aBhasin, A S aNegotiating India's landmark agreements/ cby A.S. Bhasin a. - Haryanab: Penguin Random Housec, 2024 axiv+385 pages